LIBRARY & INFORMATION CENTRE, KCAET, TAVANUR

ONLINE PUBLIC ACCESS CATALOGUE (OPAC)

Estimating and costing : In civil engineering / (Record no. 2290)

MARC details
000 -LEADER
fixed length control field 00424cam a2200169ua 4500
003 - CONTROL NUMBER IDENTIFIER
control field OSt
008 - FIXED-LENGTH DATA ELEMENTS--GENERAL INFORMATION
fixed length control field 260221b |||||||| |||| 00| 0 eng d
041 ## - LANGUAGE CODE
Language code of text/sound track or separate title eng
082 ## - DEWEY DECIMAL CLASSIFICATION NUMBER
Classification number 692.5
Item number DUT/ES
100 ## - MAIN ENTRY--AUTHOR NAME
Personal name Dutta, B.N .
245 ## - TITLE STATEMENT
Title Estimating and costing : In civil engineering /
250 ## - EDITION STATEMENT
Edition statement 6 /
260 ## - PUBLICATION, DISTRIBUTION, ETC. (IMPRINT)
Place of publication Lucknow :
Name of publisher S.Dutta and company ,
Year of publication 1965.
300 ## - PHYSICAL DESCRIPTION
Number of Pages 668 ; .
942 ## - ADDED ENTRY ELEMENTS (KOHA)
Koha item type Books
Holdings
Withdrawn status Lost status Damaged status Home library Current library Date acquired Full call number Accession Number Koha item type
      KAUAET KAUAET 07/04/2012 692.5 14542 Books
      KAUAET KAUAET 07/04/2012 692.5 DUT/ES 8121 Books
      KAUAET KAUAET 07/04/2012 692.5 14541 Books
      KAUAET KAUAET 07/04/2012 692.5 22060 Books
free website counter